| 000 | 00438nam a22001337a 4500 | ||
|---|---|---|---|
| 082 | _aMS-EE-3 SAM | ||
| 100 |
_aSami ur Rehman _925944 |
||
| 245 | _aAn implantable multi-channel biomedical analog front end for neural sensor interface | ||
| 260 |
_aIslamabad _bNUST university _c2013 |
||
| 300 | _eCD-Rom | ||
| 500 | _aSupervisor: Dr. Awais Ahmad Kamboh | ||
| 856 | _uhttp://10.250.8.41:8080/xmlui/handle/123456789/30561 | ||
| 942 |
_cPR _2ddc |
||
| 999 |
_c12255 _d12255 |
||